[Event "65+ World Senior Team Championship"]
[Site "chess24.com"]
[Date "2017.05.01"]
[Round "8"]
[White "Werner, Clemens"]
[Black "Birnboim, Nathan"]
[Result "1/2-1/2"]
[Board "1"]
[WhiteElo "2346"]
[WhiteTitle "FM"]
[WhiteCountry "GER"]
[WhiteFideId "4604636"]
[BlackElo "2355"]
[BlackTitle "IM"]
[BlackCountry "ISR"]
[BlackFideId "2800209"]

1. e4 {[%clk 1:30:51]} c5 {[%clk 1:30:53]} 2. Nf3 {[%clk 1:31:08]} Nc6 {[%clk
1:31:20]} 3. c3 {[%clk 1:31:26]} e6 {[%clk 1:31:35]} 4. d4 {[%clk 1:31:46]} d5
{[%clk 1:32:02]} 5. exd5 {[%clk 1:31:34]} exd5 {[%clk 1:32:25]} 6. Bb5 {[%clk
1:31:56]} Bd6 {[%clk 1:32:02]} 7. O-O {[%clk 1:30:49]} Ne7 {[%clk 1:32:05]} 8.
dxc5 {[%clk 1:30:29]} Bxc5 {[%clk 1:32:28]} 9. Nbd2 {[%clk 1:30:12]} O-O {[%clk
1:32:35]} 10. Nb3 {[%clk 1:30:02]} Bd6 {[%clk 1:32:45]} 11. Nbd4 {[%clk 1:27:43]}
Bg4 {[%clk 1:30:28]} 12. Be3 {[%clk 1:22:38]} Nxd4 {[%clk 1:26:59]} 13. Bxd4
{[%clk 1:22:31]} Nf5 {[%clk 1:26:23]} 14. Be2 {[%clk 1:20:56]} Re8 {[%clk
1:23:58]} 15. Re1 {[%clk 1:20:55]} Bc7 {[%clk 1:03:56]} 16. h3 {[%clk 0:54:50]}
Nxd4 {[%clk 0:54:19]} 17. Qxd4 {[%clk 0:47:18]} Bf5 {[%clk 0:53:22]} 18. Bb5
{[%clk 0:36:50]} Re4 {[%clk 0:51:50]} 19. Rxe4 {[%clk 0:30:58]} dxe4 {[%clk
0:47:38]} 20. Qxd8+ {[%clk 0:30:30]} Rxd8 {[%clk 0:48:06]} 21. Nd4 {[%clk
0:30:52]} Bg6 {[%clk 0:47:20]} 22. Ba4 {[%clk 0:27:52]} Bb6 {[%clk 0:40:49]} 23.
Rd1 {[%clk 0:27:57]} Kf8 {[%clk 0:38:38]} 24. Ne2 {[%clk 0:24:34]} Rxd1+ {[%clk
0:34:12]} 25. Bxd1 {[%clk 0:28:25]} e3 {[%clk 0:22:32]} 26. Nd4 {[%clk 0:28:18]}
exf2+ {[%clk 0:22:53]} 27. Kxf2 {[%clk 0:28:44]} Be4 {[%clk 0:20:52]} 28. Bf3
{[%clk 0:28:53]} Bxf3 {[%clk 0:18:26]} 29. Kxf3 {[%clk 0:29:17]} Bxd4 {[%clk
0:17:09]} 30. cxd4 {[%clk 0:29:43]} Ke7 {[%clk 0:17:34]} 31. Ke4 {[%clk 0:29:30]}
Ke6 {[%clk 0:17:40]} 32. d5+ {[%clk 0:16:05]} Kd6 {[%clk 0:18:03]} 33. a4 {[%clk
0:15:25]} b6 {[%clk 0:15:21]} 34. b4 {[%clk 0:12:35]} a6 {[%clk 0:15:22]} 35. g4
{[%clk 0:11:32]} f6 {[%clk 0:12:16]} 36. h4 {[%clk 0:06:48]} g6 {[%clk 0:11:48]}
37. h5 {[%clk 0:01:52]} Ke7 {[%clk 0:09:54]} 38. a5 {[%clk 0:01:27]} b5 {[%clk
0:05:50]} 39. Kd4 {[%clk 0:01:46]} Kd6 {[%clk 0:03:37]} 40. Ke4 {[%clk 0:02:05]}
Kd7 {[%clk 0:03:26]} 41. Kf4 {[%clk 0:31:35]} 1/2-1/2

[Event "65+ World Senior Team Championship"]
[Site "chess24.com"]
[Date "2017.05.01"]
[Round "8"]
[White "Berkovich, Mark A"]
[Black "Salov, Sergej"]
[Result "1/2-1/2"]
[Board "2"]
[WhiteElo "2345"]
[WhiteTitle "IM"]
[WhiteCountry "ISR"]
[WhiteFideId "2801639"]
[WhiteEloChange "-4"]
[BlackElo "2190"]
[BlackTitle "IM"]
[BlackCountry "GER"]
[BlackFideId "4107926"]
[BlackEloChange "4"]

1. d4 {[%clk 1:30:54]} Nf6 {[%clk 1:30:18]} 2. Nf3 {[%clk 1:31:16]} g6 {[%clk
1:30:23]} 3. Bg5 {[%clk 1:31:39]} Bg7 {[%clk 1:30:33]} 4. Nbd2 {[%clk 1:32:03]}
d5 {[%clk 1:29:49]} 5. e3 {[%clk 1:32:18]} O-O {[%clk 1:29:40]} 6. Be2 {[%clk
1:32:42]} Nbd7 {[%clk 1:28:57]} 7. O-O {[%clk 1:32:48]} c5 {[%clk 1:28:19]} 8. c3
{[%clk 1:33:07]} b6 {[%clk 1:27:27]} 9. b4 {[%clk 1:33:32]} Ne4 {[%clk 1:12:26]}
10. Nxe4 {[%clk 1:33:20]} dxe4 {[%clk 1:12:43]} 11. Nd2 {[%clk 1:33:38]} cxb4
{[%clk 1:09:14]} 12. cxb4 {[%clk 1:34:02]} Bb7 {[%clk 1:09:19]} 13. Qa4 {[%clk
1:16:27]} a6 {[%clk 0:45:24]} 14. Rac1 {[%clk 1:15:25]} Nf6 {[%clk 0:39:58]} 15.
Rc2 {[%clk 1:07:21]} Nd5 {[%clk 0:30:11]} 16. Rfc1 {[%clk 1:06:28]} f5 {[%clk
0:26:01]} 17. Bc4 {[%clk 1:04:37]} h6 {[%clk 0:21:52]} 18. Bxd5+ {[%clk 0:57:54]}
Bxd5 {[%clk 0:17:22]} 19. Bf4 {[%clk 0:58:14]} b5 {[%clk 0:16:57]} 20. Qa3 {[%clk
0:57:43]} g5 {[%clk 0:16:26]} 21. Be5 {[%clk 0:56:28]} Bxe5 {[%clk 0:13:34]} 22.
dxe5 {[%clk 0:55:04]} Qd7 {[%clk 0:13:15]} 23. Rc7 {[%clk 0:37:17]} Qe6 {[%clk
0:13:15]} 24. Qc3 {[%clk 0:37:17]} 1/2-1/2

[Event "65+ World Senior Team Championship"]
[Site "chess24.com"]
[Date "2017.05.01"]
[Round "8"]
[White "Baum, Bernd, Dr."]
[Black "Lederman, Leon"]
[Result "1/2-1/2"]
[Board "3"]
[WhiteElo "2226"]
[WhiteTitle "FM"]
[WhiteCountry "GER"]
[WhiteFideId "4611853"]
[WhiteEloChange "1"]
[BlackElo "2276"]
[BlackTitle "IM"]
[BlackCountry "ISR"]
[BlackFideId "2800403"]
[BlackEloChange "-1"]

1. c4 {[%clk 1:30:57]} Nf6 {[%clk 1:30:15]} 2. Nf3 {[%clk 1:29:30]} e6 {[%clk
1:30:17]} 3. g3 {[%clk 1:29:44]} b6 {[%clk 1:30:19]} 4. Bg2 {[%clk 1:30:04]} Bb7
{[%clk 1:30:45]} 5. O-O {[%clk 1:30:23]} Be7 {[%clk 1:30:29]} 6. b3 {[%clk
1:30:40]} O-O {[%clk 1:30:52]} 7. Bb2 {[%clk 1:31:08]} d5 {[%clk 1:30:46]} 8. e3
{[%clk 1:30:59]} dxc4 {[%clk 1:29:00]} 9. bxc4 {[%clk 1:31:22]} c5 {[%clk
1:29:16]} 10. d3 {[%clk 1:29:06]} Nc6 {[%clk 1:27:00]} 11. Qe2 {[%clk 1:29:17]}
Qc7 {[%clk 1:25:49]} 12. Nc3 {[%clk 1:28:30]} Rac8 {[%clk 1:25:56]} 13. Rfd1
{[%clk 1:28:26]} Qb8 {[%clk 1:26:00]} 14. Nh4 {[%clk 1:22:44]} Rfd8 {[%clk
1:23:17]} 15. f4 {[%clk 1:22:36]} Re8 {[%clk 1:18:16]} 16. g4 {[%clk 1:20:21]}
Rcd8 {[%clk 1:09:52]} 17. g5 {[%clk 1:11:39]} Nd7 {[%clk 1:10:12]} 18. Ne4 {[%clk
1:11:16]} Nf8 {[%clk 1:01:19]} 19. Qg4 {[%clk 1:07:43]} Ng6 {[%clk 0:59:45]} 20.
a3 {[%clk 0:57:02]} Rd7 {[%clk 0:58:03]} 21. Nf3 {[%clk 0:55:49]} Qd8 {[%clk
0:57:09]} 22. Ne1 {[%clk 0:55:22]} Na5 {[%clk 0:54:26]} 23. h4 {[%clk 0:42:56]}
Bxe4 {[%clk 0:53:08]} 24. Bxe4 {[%clk 0:43:15]} f5 {[%clk 0:53:31]} 25. gxf6
{[%clk 0:42:49]} Bxf6 {[%clk 0:53:56]} 26. Bxf6 {[%clk 0:41:31]} Qxf6 {[%clk
0:54:22]} 27. Nf3 {[%clk 0:40:25]} Rc7 {[%clk 0:49:59]} 28. Ra2 {[%clk 0:33:03]}
Nc6 {[%clk 0:47:50]} 29. Rg2 {[%clk 0:31:43]} Nf8 {[%clk 0:46:44]} 30. Ng5 {[%clk
0:26:08]} Rd8 {[%clk 0:43:31]} 31. Rf1 {[%clk 0:18:25]} Ne7 {[%clk 0:38:35]} 32.
Bxh7+ {[%clk 0:13:16]} Nxh7 {[%clk 0:38:44]} 33. Qxe6+ {[%clk 0:11:19]} Qxe6
{[%clk 0:36:05]} 34. Nxe6 {[%clk 0:11:48]} Rcd7 {[%clk 0:35:59]} 35. Nxd8 {[%clk
0:09:25]} Rxd8 {[%clk 0:36:25]} 36. Rd1 {[%clk 0:08:10]} Nf5 {[%clk 0:36:35]} 37.
Kf2 {[%clk 0:07:46]} Nxh4 {[%clk 0:36:27]} 38. Rh2 {[%clk 0:07:38]} Nf5 {[%clk
0:36:53]} 39. e4 {[%clk 0:06:40]} Nd4 {[%clk 0:37:06]} 40. Rdh1 {[%clk 0:33:15]}
Nf8 {[%clk 1:07:19]} 41. Ke3 {[%clk 0:30:10]} Re8 {[%clk 1:06:42]} 42. Rg2 {[%clk
0:27:49]} Kf7 {[%clk 1:06:41]} 43. a4 {[%clk 0:24:12]} g6 {[%clk 1:03:19]} 44.
Ra2 {[%clk 0:21:06]} Nc6 {[%clk 1:02:25]} 45. Rf2 {[%clk 0:20:30]} Kg7 {[%clk
1:02:07]} 46. Rg1 {[%clk 0:20:07]} Rd8 {[%clk 1:01:55]} 47. Rg3 {[%clk 0:17:13]}
Rd7 {[%clk 0:59:22]} 48. Kd2 {[%clk 0:17:12]} Rf7 {[%clk 0:53:22]} 49. Ke3 {[%clk
0:16:21]} Rf6 {[%clk 0:52:24]} 50. Rg1 {[%clk 0:14:11]} Kf7 {[%clk 0:50:56]} 51.
Rh1 {[%clk 0:14:30]} Kg7 {[%clk 0:49:31]} 52. Rg1 {[%clk 0:14:58]} 1/2-1/2

[Event "65+ World Senior Team Championship"]
[Site "chess24.com"]
[Date "2017.05.01"]
[Round "8"]
[White "Malisov, Boris"]
[Black "Haubt, Georg"]
[Result "1/2-1/2"]
[Board "4"]
[WhiteElo "2283"]
[WhiteCountry "ISR"]
[WhiteFideId "2802503"]
[WhiteEloChange "-3"]
[BlackElo "2179"]
[BlackTitle "FM"]
[BlackCountry "GER"]
[BlackFideId "4604016"]
[BlackEloChange "3"]

1. e4 {[%clk 1:30:24]} d5 {[%clk 1:30:44]} 2. exd5 {[%clk 1:30:46]} Qxd5 {[%clk
1:31:04]} 3. Nc3 {[%clk 1:31:09]} Qd6 {[%clk 1:31:26]} 4. g3 {[%clk 1:30:33]} Nf6
{[%clk 1:31:00]} 5. Bg2 {[%clk 1:30:44]} Bg4 {[%clk 1:29:37]} 6. Nf3 {[%clk
1:30:49]} Nc6 {[%clk 1:29:58]} 7. h3 {[%clk 1:31:08]} Bh5 {[%clk 1:28:50]} 8. O-O
{[%clk 1:30:40]} e6 {[%clk 1:26:04]} 9. d3 {[%clk 1:30:36]} Qd7 {[%clk 1:25:46]}
10. Re1 {[%clk 1:26:29]} h6 {[%clk 1:20:19]} 11. a3 {[%clk 1:22:47]} Be7 {[%clk
1:18:55]} 12. b4 {[%clk 1:22:36]} O-O {[%clk 1:16:44]} 13. g4 {[%clk 1:20:51]}
Bg6 {[%clk 1:16:32]} 14. b5 {[%clk 1:13:24]} Nd4 {[%clk 1:12:16]} 15. Ne5 {[%clk
1:11:56]} Qc8 {[%clk 1:09:16]} 16. Be3 {[%clk 0:55:20]} c5 {[%clk 1:07:45]} 17.
a4 {[%clk 0:51:17]} Bh7 {[%clk 1:07:06]} 18. a5 {[%clk 0:50:55]} Rb8 {[%clk
0:56:58]} 19. Bf4 {[%clk 0:46:11]} Bd6 {[%clk 0:55:55]} 20. Ng6 {[%clk 0:46:21]}
Rd8 {[%clk 0:51:30]} 21. Bxd6 {[%clk 0:46:30]} Bxg6 {[%clk 0:51:57]} 22. Bxb8
{[%clk 0:46:47]} Qxb8 {[%clk 0:52:25]} 23. b6 {[%clk 0:38:52]} axb6 {[%clk
0:46:14]} 24. axb6 {[%clk 0:39:11]} Rd6 {[%clk 0:46:27]} 25. Ne4 {[%clk 0:36:57]}
Bxe4 {[%clk 0:39:04]} 26. dxe4 {[%clk 0:35:50]} Rxb6 {[%clk 0:37:24]} 27. e5
{[%clk 0:34:52]} Ne8 {[%clk 0:30:16]} 28. Qd3 {[%clk 0:32:52]} Nc7 {[%clk
0:29:12]} 29. c3 {[%clk 0:30:45]} Nb3 {[%clk 0:21:54]} 30. Rad1 {[%clk 0:27:34]}
Na5 {[%clk 0:17:52]} 31. Be4 {[%clk 0:26:46]} Nc6 {[%clk 0:16:24]} 32. Qd6 {[%clk
0:25:28]} c4 {[%clk 0:11:15]} 33. Re2 {[%clk 0:22:05]} g6 {[%clk 0:11:12]} 34.
Red2 {[%clk 0:19:38]} Kg7 {[%clk 0:09:57]} 35. Kg2 {[%clk 0:19:02]} Rb3 {[%clk
0:06:51]} 36. Qc5 {[%clk 0:17:04]} Nd5 {[%clk 0:05:19]} 37. Bxd5 {[%clk 0:08:49]}
Qxe5 {[%clk 0:04:54]} 38. Qxc4 {[%clk 0:05:51]} Rxc3 {[%clk 0:05:00]} 39. Qe4
{[%clk 0:03:03]} exd5 {[%clk 0:04:26]} 40. Qxe5+ {[%clk 0:33:16]} Nxe5 {[%clk
0:34:54]} 41. Rxd5 {[%clk 0:33:30]} Nc4 {[%clk 0:30:34]} 42. R1d3 {[%clk
0:32:53]} Rc2 {[%clk 0:29:10]} 43. Kg3 {[%clk 0:33:07]} b6 {[%clk 0:28:21]} 44.
h4 {[%clk 0:31:53]} Rb2 {[%clk 0:24:39]} 45. h5 {[%clk 0:31:07]} b5 {[%clk
0:20:27]} 46. hxg6 {[%clk 0:31:08]} Kxg6 {[%clk 0:20:02]} 47. Rc5 {[%clk
0:31:13]} Nd2 {[%clk 0:17:15]} 48. Rc6+ {[%clk 0:30:44]} Kg7 {[%clk 0:17:31]} 49.
f3 {[%clk 0:28:39]} Nc4 {[%clk 0:12:44]} 50. Rc7 {[%clk 0:26:57]} Rb1 {[%clk
0:10:21]} 51. f4 {[%clk 0:25:47]} Rg1+ {[%clk 0:09:21]} 52. Kh3 {[%clk 0:24:18]}
Rf1 {[%clk 0:09:19]} 53. Rd4 {[%clk 0:23:21]} Kg6 {[%clk 0:08:50]} 54. Rc6+
{[%clk 0:23:37]} f6 {[%clk 0:08:39]} 55. Rc7 {[%clk 0:21:33]} h5 {[%clk 0:08:20]}
56. gxh5+ {[%clk 0:17:15]} Kxh5 {[%clk 0:08:48]} 57. Rc5+ {[%clk 0:17:33]} Kg6
{[%clk 0:08:42]} 58. Rxb5 {[%clk 0:17:44]} Ne3 {[%clk 0:09:04]} 59. Re4 {[%clk
0:17:16]} Rf3+ {[%clk 0:09:16]} 60. Kh2 {[%clk 0:16:44]} f5 {[%clk 0:09:07]} 61.
Ra4 {[%clk 0:14:23]} Kh5 {[%clk 0:09:26]} 62. Rb8 {[%clk 0:14:26]} Kh4 {[%clk
0:08:31]} 63. Rh8+ {[%clk 0:14:40]} Kg4 {[%clk 0:08:59]} 64. Rg8+ {[%clk
0:13:01]} Kh4 {[%clk 0:09:16]} 65. Rh8+ {[%clk 0:12:28]} Kg4 {[%clk 0:09:40]} 66.
Ra3 {[%clk 0:12:34]} 1/2-1/2

[Event "65+ World Senior Team Championship"]
[Site "chess24.com"]
[Date "2017.05.01"]
[Round "8"]
[White "Uddenfeldt, Dan"]
[Black "Danielsson, Robert"]
[Result "1/2-1/2"]
[Board "2"]
[WhiteElo "2359"]
[WhiteCountry "SWE"]
[WhiteFideId "1700243"]
[WhiteEloChange "-8"]
[BlackElo "1967"]
[BlackCountry "SWE"]
[BlackFideId "1711490"]
[BlackEloChange "8"]

1. c4 {[%clk 1:30:30]} c5 {[%clk 1:30:39]} 2. g3 {[%clk 1:29:16]} g6 {[%clk
1:30:53]} 3. Bg2 {[%clk 1:29:06]} Bg7 {[%clk 1:31:07]} 4. Nc3 {[%clk 1:28:59]}
Nc6 {[%clk 1:31:21]} 5. d3 {[%clk 1:28:01]} d6 {[%clk 1:30:39]} 6. Bd2 {[%clk
1:26:23]} e5 {[%clk 1:29:13]} 7. a3 {[%clk 1:25:17]} a5 {[%clk 1:29:11]} 8. e3
{[%clk 1:24:35]} Nge7 {[%clk 1:29:01]} 9. Nge2 {[%clk 1:23:33]} O-O {[%clk
1:28:59]} 10. O-O {[%clk 1:22:15]} Rb8 {[%clk 1:28:21]} 11. Qc2 {[%clk 1:18:25]}
Be6 {[%clk 1:25:59]} 12. Nb5 {[%clk 1:10:27]} Qd7 {[%clk 1:11:33]} 13. Rfe1
{[%clk 1:04:41]} Rfc8 {[%clk 1:07:23]} 14. e4 {[%clk 1:04:07]} f5 {[%clk
0:58:09]} 15. f3 {[%clk 0:59:41]} b6 {[%clk 0:47:03]} 16. Rab1 {[%clk 0:55:03]}
Na7 {[%clk 0:45:29]} 17. Nec3 {[%clk 0:53:37]} Nec6 {[%clk 0:45:14]} 18. Nxa7
{[%clk 0:39:51]} Qxa7 {[%clk 0:44:04]} 19. Nb5 {[%clk 0:37:40]} Qd7 {[%clk
0:43:07]} 20. b4 {[%clk 0:34:42]} fxe4 {[%clk 0:39:13]} 21. fxe4 {[%clk 0:34:28]}
axb4 {[%clk 0:28:58]} 22. axb4 {[%clk 0:34:50]} Nd4 {[%clk 0:29:04]} 23. Nxd4
{[%clk 0:35:08]} cxd4 {[%clk 0:29:26]} 24. b5 {[%clk 0:33:54]} Ra8 {[%clk
0:29:08]} 25. Rb2 {[%clk 0:29:52]} Ra7 {[%clk 0:27:34]} 26. Ra2 {[%clk 0:29:22]}
Rxa2 {[%clk 0:22:59]} 27. Qxa2 {[%clk 0:29:22]} Qxb5 {[%clk 0:23:18]} 28. Rb1
{[%clk 0:28:52]} Qc6 {[%clk 0:20:39]} 29. Qb3 {[%clk 0:27:54]} Ra8 {[%clk
0:13:41]} 30. h3 {[%clk 0:27:36]} Ra6 {[%clk 0:10:43]} 31. Bg5 {[%clk 0:27:18]}
Qd7 {[%clk 0:08:57]} 32. Qb5 {[%clk 0:24:16]} Qxb5 {[%clk 0:08:59]} 33. Rxb5
{[%clk 0:24:34]} Bd7 {[%clk 0:09:05]} 34. Rb3 {[%clk 0:24:36]} b5 {[%clk
0:08:19]} 1/2-1/2

[Event "65+ World Senior Team Championship"]
[Site "chess24.com"]
[Date "2017.05.01"]
[Round "8"]
[White "Hammar, Bengt"]
[Black "Gromark, Per-Olof"]
[Result "1/2-1/2"]
[Board "4"]
[WhiteElo "2165"]
[WhiteTitle "FM"]
[WhiteCountry "SWE"]
[WhiteFideId "1700391"]
[WhiteEloChange "-5"]
[BlackElo "1959"]
[BlackCountry "SWE"]
[BlackFideId "1722433"]
[BlackEloChange "5"]

1. e4 {[%clk 1:30:29]} c5 {[%clk 1:30:50]} 2. Nf3 {[%clk 1:30:40]} e6 {[%clk
1:31:15]} 3. d4 {[%clk 1:30:14]} cxd4 {[%clk 1:31:40]} 4. Nxd4 {[%clk 1:30:37]}
Nc6 {[%clk 1:31:56]} 5. Nc3 {[%clk 1:30:16]} Qc7 {[%clk 1:32:16]} 6. Be2 {[%clk
1:27:59]} Nf6 {[%clk 1:32:13]} 7. Be3 {[%clk 1:25:26]} d6 {[%clk 1:30:20]} 8. O-O
{[%clk 1:22:51]} Be7 {[%clk 1:30:44]} 9. f4 {[%clk 1:21:51]} O-O {[%clk 1:30:52]}
10. Kh1 {[%clk 1:19:45]} Nxd4 {[%clk 1:28:02]} 11. Qxd4 {[%clk 1:18:27]} e5
{[%clk 1:26:11]} 12. Qd2 {[%clk 1:15:04]} b6 {[%clk 1:22:44]} 13. f5 {[%clk
1:05:13]} Bb7 {[%clk 1:20:04]} 14. Bf3 {[%clk 1:05:08]} Rfd8 {[%clk 1:14:34]} 15.
Bg5 {[%clk 1:01:56]} Rac8 {[%clk 1:11:54]} 16. Bxf6 {[%clk 0:59:09]} Bxf6 {[%clk
1:11:50]} 17. Rf2 {[%clk 0:59:22]} Qc5 {[%clk 1:02:44]} 18. Re2 {[%clk 0:55:30]}
h6 {[%clk 0:58:53]} 19. Nd5 {[%clk 0:46:08]} Bxd5 {[%clk 0:55:20]} 20. exd5
{[%clk 0:45:36]} e4 {[%clk 0:48:32]} 21. Bxe4 {[%clk 0:45:47]} Bxb2 {[%clk
0:48:55]} 22. Rf1 {[%clk 0:45:49]} 1/2-1/2

[Event "65+ World Senior Team Championship"]
[Site "chess24.com"]
[Date "2017.05.01"]
[Round "8"]
[White "Stebbings, Anthony J"]
[Black "Farrand, Julian T"]
[Result "1/2-1/2"]
[Board "1"]
[WhiteElo "2294"]
[WhiteTitle "FM"]
[WhiteCountry "ENG"]
[WhiteFideId "402427"]
[WhiteEloChange "-7"]
[BlackElo "2017"]
[BlackCountry "ENG"]
[BlackFideId "24602469"]
[BlackEloChange "7"]

1. e4 {[%clk 1:30:58]} d6 {[%clk 1:30:50]} 2. d4 {[%clk 1:31:23]} Nf6 {[%clk
1:31:10]} 3. Nc3 {[%clk 1:31:48]} c6 {[%clk 1:31:19]} 4. g3 {[%clk 1:32:10]} Nbd7
{[%clk 1:30:16]} 5. Bg2 {[%clk 1:32:31]} e5 {[%clk 1:30:33]} 6. Nge2 {[%clk
1:32:55]} b5 {[%clk 1:28:02]} 7. a3 {[%clk 1:33:16]} Bb7 {[%clk 1:27:34]} 8. O-O
{[%clk 1:33:35]} Qc7 {[%clk 1:27:09]} 9. h3 {[%clk 1:33:05]} h5 {[%clk 1:25:53]}
10. Be3 {[%clk 1:25:24]} a6 {[%clk 1:25:25]} 11. f4 {[%clk 1:22:56]} Rd8 {[%clk
1:16:37]} 12. Qe1 {[%clk 1:18:56]} Be7 {[%clk 1:15:47]} 13. Qf2 {[%clk 1:17:37]}
O-O {[%clk 1:14:39]} 14. Bf3 {[%clk 1:13:35]} c5 {[%clk 1:08:18]} 15. d5 {[%clk
1:10:44]} exf4 {[%clk 1:00:30]} 16. gxf4 {[%clk 1:10:56]} Rde8 {[%clk 0:57:22]}
17. Qg2 {[%clk 1:00:13]} Kh7 {[%clk 0:51:08]} 18. Rae1 {[%clk 0:56:51]} Bd8
{[%clk 0:48:58]} 19. Bc1 {[%clk 0:55:05]} Rg8 {[%clk 0:48:05]} 20. Kh1 {[%clk
0:53:39]} g6 {[%clk 0:43:44]} 21. Ng1 {[%clk 0:49:26]} b4 {[%clk 0:40:03]} 22.
Nd1 {[%clk 0:42:49]} a5 {[%clk 0:40:18]} 23. c4 {[%clk 0:38:53]} b3 {[%clk
0:36:01]} 24. Qd2 {[%clk 0:28:33]} Rg7 {[%clk 0:29:47]} 25. Qd3 {[%clk 0:27:54]}
a4 {[%clk 0:29:37]} 26. Bd2 {[%clk 0:24:43]} Ba6 {[%clk 0:23:47]} 27. Ne3 {[%clk
0:20:01]} Ng8 {[%clk 0:19:22]} 28. Bc3 {[%clk 0:18:49]} Bf6 {[%clk 0:18:50]} 29.
Ne2 {[%clk 0:16:56]} Bxc3 {[%clk 0:17:21]} 30. Nxc3 {[%clk 0:17:16]} Nb6 {[%clk
0:17:06]} 31. Nb1 {[%clk 0:11:29]} Qe7 {[%clk 0:16:12]} 32. Qc3 {[%clk 0:10:23]}
Nh6 {[%clk 0:11:03]} 33. Nd2 {[%clk 0:09:32]} Bc8 {[%clk 0:09:07]} 34. Bg2 {[%clk
0:07:40]} Bd7 {[%clk 0:09:04]} 35. Nd1 {[%clk 0:04:44]} Qh4 {[%clk 0:08:32]} 36.
Qf3 {[%clk 0:02:57]} 1/2-1/2

[Event "65+ World Senior Team Championship"]
[Site "chess24.com"]
[Date "2017.05.01"]
[Round "8"]
[White "Hewson, Brian W R"]
[Black "Stokes, Michael"]
[Result "1-0"]
[Board "2"]
[WhiteElo "2060"]
[WhiteCountry "ENG"]
[WhiteFideId "437484"]
[WhiteEloChange "14"]
[BlackElo "2223"]
[BlackCountry "ENG"]
[BlackFideId "442542"]
[BlackEloChange "-14"]

1. d4 {[%clk 1:30:55]} Nf6 {[%clk 1:30:53]} 2. Nf3 {[%clk 1:31:17]} g6 {[%clk
1:31:10]} 3. g3 {[%clk 1:31:40]} Bg7 {[%clk 1:31:32]} 4. Bg2 {[%clk 1:32:05]} O-O
{[%clk 1:31:53]} 5. O-O {[%clk 1:32:27]} d6 {[%clk 1:32:19]} 6. Re1 {[%clk
1:26:51]} Nbd7 {[%clk 1:30:24]} 7. c4 {[%clk 1:24:50]} e5 {[%clk 1:28:30]} 8. Nc3
{[%clk 1:21:35]} Ng4 {[%clk 1:16:17]} 9. dxe5 {[%clk 1:18:21]} Ndxe5 {[%clk
1:14:31]} 10. Nxe5 {[%clk 1:17:49]} Nxe5 {[%clk 1:14:08]} 11. Qb3 {[%clk
1:17:22]} c6 {[%clk 1:11:57]} 12. Bf4 {[%clk 1:14:06]} Qe7 {[%clk 1:08:24]} 13.
Rad1 {[%clk 1:03:48]} Bf5 {[%clk 1:02:45]} 14. Bxe5 {[%clk 0:53:34]} Bxe5 {[%clk
1:01:36]} 15. f4 {[%clk 0:50:01]} Bg7 {[%clk 0:59:54]} 16. e4 {[%clk 0:47:43]}
Bg4 {[%clk 1:00:01]} 17. Rd2 {[%clk 0:42:23]} Rfd8 {[%clk 0:58:57]} 18. Qa3
{[%clk 0:36:43]} Qc7 {[%clk 0:51:44]} 19. h3 {[%clk 0:33:42]} Be6 {[%clk
0:52:03]} 20. Bf1 {[%clk 0:34:04]} Bf8 {[%clk 0:49:16]} 21. Qa4 {[%clk 0:30:33]}
a6 {[%clk 0:41:23]} 22. Qc2 {[%clk 0:23:20]} Qa5 {[%clk 0:33:46]} 23. Kh2 {[%clk
0:21:51]} b5 {[%clk 0:24:17]} 24. cxb5 {[%clk 0:20:56]} axb5 {[%clk 0:22:28]} 25.
a3 {[%clk 0:20:46]} b4 {[%clk 0:18:19]} 26. axb4 {[%clk 0:20:05]} Qxb4 {[%clk
0:18:43]} 27. Nd1 {[%clk 0:17:23]} Bg7 {[%clk 0:17:48]} 28. Ree2 {[%clk 0:15:50]}
c5 {[%clk 0:12:44]} 29. Ne3 {[%clk 0:13:45]} Bb3 {[%clk 0:12:42]} 30. Qc1 {[%clk
0:13:56]} Ra2 {[%clk 0:12:54]} 31. Bg2 {[%clk 0:12:20]} Rda8 {[%clk 0:13:02]} 32.
Rxd6 {[%clk 0:12:06]} Bf8 {[%clk 0:12:19]} 33. Rdd2 {[%clk 0:09:19]} Qb5 {[%clk
0:11:56]} 34. e5 {[%clk 0:09:22]} Ra1 {[%clk 0:11:18]} 35. Qc3 {[%clk 0:09:45]}
Rc8 {[%clk 0:11:25]} 36. Nd5 {[%clk 0:08:06]} c4 {[%clk 0:11:34]} 37. Nf6+ {[%clk
0:08:30]} Kh8 {[%clk 0:11:35]} 38. Rd5 {[%clk 0:07:57]} Qb6 {[%clk 0:11:07]} 39.
Re1 {[%clk 0:06:15]} Bb4 {[%clk 0:11:08]} 40. Qe3 {[%clk 0:36:16]} Qxe3 {[%clk
0:39:38]} 41. Rxe3 {[%clk 0:35:42]} Bc5 {[%clk 0:37:47]} 42. Rxc5 {[%clk
0:33:56]} Rxc5 {[%clk 0:38:04]} 43. Re2 {[%clk 0:31:28]} Rc8 {[%clk 0:36:05]} 44.
Ne4 {[%clk 0:23:00]} Rc1 {[%clk 0:34:40]} 45. Nd6 {[%clk 0:22:36]} Rc7 {[%clk
0:32:49]} 46. Bd5 {[%clk 0:22:17]} Kg8 {[%clk 0:32:19]} 47. e6 {[%clk 0:20:43]}
Kf8 {[%clk 0:26:38]} 48. exf7 {[%clk 0:11:58]} Re7 {[%clk 0:25:34]} 49. Rxe7
{[%clk 0:11:09]} Kxe7 {[%clk 0:26:02]} 50. Nc8+ {[%clk 0:11:30]} Kf8 {[%clk
0:26:26]} 51. Nb6 {[%clk 0:11:53]} Ba4 {[%clk 0:18:35]} 52. Nxa4 {[%clk 0:12:22]}
c3 {[%clk 0:18:17]} 53. bxc3 {[%clk 0:12:25]} Ke7 {[%clk 0:17:10]} 54. c4 {[%clk
0:11:12]} Ra1 {[%clk 0:16:55]} 55. Nc5 {[%clk 0:11:01]} Ra7 {[%clk 0:16:50]} 56.
Kg2 {[%clk 0:10:46]} Kf8 {[%clk 0:15:58]} 57. Be6 {[%clk 0:09:36]} 1-0

[Event "65+ World Senior Team Championship"]
[Site "chess24.com"]
[Date "2017.05.01"]
[Round "8"]
[White "Ashby, Anthony C"]
[Black "Reynolds, D Ian W"]
[Result "1/2-1/2"]
[Board "3"]
[WhiteElo "2080"]
[WhiteTitle "CM"]
[WhiteCountry "ENG"]
[WhiteFideId "405302"]
[WhiteEloChange "-2"]
[BlackElo "2000"]
[BlackCountry "ENG"]
[BlackFideId "410705"]
[BlackEloChange "2"]

1. f4 {[%clk 1:30:41]} d5 {[%clk 1:30:41]} 2. Nf3 {[%clk 1:31:02]} c5 {[%clk
1:28:49]} 3. g3 {[%clk 1:31:19]} Nc6 {[%clk 1:28:17]} 4. Bg2 {[%clk 1:31:42]} g6
{[%clk 1:28:06]} 5. O-O {[%clk 1:30:28]} Bg7 {[%clk 1:28:29]} 6. d3 {[%clk
1:29:54]} Nf6 {[%clk 1:25:54]} 7. e3 {[%clk 1:26:00]} O-O {[%clk 1:25:39]} 8. Qe2
{[%clk 1:23:59]} Bg4 {[%clk 1:16:49]} 9. c3 {[%clk 1:14:16]} Qc7 {[%clk 1:10:37]}
10. e4 {[%clk 1:07:57]} dxe4 {[%clk 1:09:37]} 11. dxe4 {[%clk 1:09:32]} e5 {[%clk
1:09:57]} 12. h3 {[%clk 1:06:33]} Bxf3 {[%clk 1:07:44]} 13. Bxf3 {[%clk 1:06:48]}
Bh6 {[%clk 1:02:37]} 14. Qg2 {[%clk 0:53:26]} Rad8 {[%clk 0:49:08]} 15. Na3
{[%clk 0:52:19]} exf4 {[%clk 0:48:38]} 16. h4 {[%clk 0:50:14]} Nd7 {[%clk
0:42:20]} 17. Bg4 {[%clk 0:48:22]} Nde5 {[%clk 0:41:10]} 18. gxf4 {[%clk
0:48:06]} Nxg4 {[%clk 0:41:20]} 19. Qxg4 {[%clk 0:48:30]} f5 {[%clk 0:41:06]} 20.
exf5 {[%clk 0:44:29]} Rxf5 {[%clk 0:41:28]} 21. Be3 {[%clk 0:42:44]} Ne5 {[%clk
0:32:39]} 22. Qe2 {[%clk 0:40:09]} Nd3 {[%clk 0:31:13]} 23. Rad1 {[%clk 0:39:55]}
Nxf4 {[%clk 0:30:50]} 24. Bxf4 {[%clk 0:37:46]} Bxf4 {[%clk 0:31:09]} 25. Qc4+
{[%clk 0:35:21]} 1/2-1/2